[Event "European Blitz 2022"]
[Site "Katowice POL"]
[Date "2022.12.16"]
[Round "21.43"]
[White "Vardanyan, Aras"]
[Black "Gretarsson, Helgi Ass"]
[Result "0-1"]
[WhiteTitle "CM"]
[BlackTitle "GM"]
[WhiteElo "2271"]
[BlackElo "2451"]
[WhiteFideId "12808792"]
[BlackFideId "2300699"]
[EventDate "2022.12.16"]

1. c4 e5 2. g3 Nf6 3. Bg2 h6 4. Nc3 Bb4 5. Qc2 O-O 6. Nf3 Re8 7. O-O Nc6 8. a3
Bxc3 9. Qxc3 e4 10. Nd4 Ne5 11. b3 d6 12. Bb2 Bd7 13. Nc2 Qc8 14. Rfe1 Bh3 15.
Bh1 Qf5 16. Ne3 Qh5 17. d3 exd3 18. f4 Ned7 19. exd3 c6 20. b4 Rac8 21. Qd2 Re6
22. Nc2 d5 23. Nd4 Rxe1+ 24. Rxe1 dxc4 25. dxc4 Nb6 26. Qc2 Rd8 27. Nf3 Bf5 28.
Qc1 Ng4 29. Qc3 f6 30. Nh4 Rd3 31. Qc1 g5 32. fxg5 hxg5 33. Re8+ Qxe8 34. Nxf5
Qe2 0-1

[Event "European Blitz 2022"]
[Site "Katowice POL"]
[Date "2022.12.16"]
[Round "21.44"]
[White "Chyzy, Jakub"]
[Black "Thorfinnsson, Bjorn"]
[Result "0-1"]
[WhiteTitle "FM"]
[BlackTitle "IM"]
[WhiteElo "2247"]
[BlackElo "2374"]
[WhiteFideId "21806209"]
[BlackFideId "2300982"]
[EventDate "2022.12.16"]

1. e4 e5 2. Nf3 Nc6 3. Nc3 Nf6 4. a3 d6 5. d4 Be7 6. dxe5 Nxe5 7. Nxe5 dxe5 8.
Qxd8+ Bxd8 9. f3 c6 10. Be3 Bb6 11. Kf2 Be6 12. Be2 Ke7 13. Na4 Bxe3+ 14. Kxe3
Nd7 15. c4 Rad8 16. Rhd1 Nb6 17. Nxb6 axb6 18. b4 Rxd1 19. Rxd1 Ra8 20. Ra1 c5
21. bxc5 bxc5 22. a4 Kd7 23. Kd3 Kc7 24. Kc3 Rd8 25. a5 Kb8 26. a6 b6 27. a7+
Ka8 28. Ra6 Rd6 29. Ra1 Bc8 30. Bd1 Rd7 31. Ba4 Rxa7 32. Bc6+ Kb8 33. Rd1 Ra2
34. Rd2 Rxd2 35. Kxd2 Kc7 36. Be8 f6 37. Kc3 Bd7 38. Bf7 b5 39. cxb5 Bxb5 40. g3
g5 41. h4 h6 42. hxg5 fxg5 43. Bh5 Kd6 44. Bg4 Ke7 45. Bh5 Be8 46. Bg4 h5 47.
Bf5 h4 48. gxh4 gxh4 49. Bh3 Bd7 50. Bg2 h3 51. Bh1 h2 52. Kc4 Kd6 53. Bg2 Bh3
54. Bh1 Bf1+ 55. Kc3 c4 56. Kb4 Kc6 57. Kc3 Kc5 58. f4 exf4 59. e5 Bh3 60. Be4
Be6 0-1

[Event "European Blitz 2022"]
[Site "Katowice POL"]
[Date "2022.12.16"]
[Round "21.45"]
[White "Aymerich Verdaguer, Eduard"]
[Black "Spalir, Jernej"]
[Result "1-0"]
[WhiteTitle "CM"]
[BlackTitle "IM"]
[WhiteElo "2208"]
[BlackElo "2377"]
[WhiteFideId "32049293"]
[BlackFideId "14606518"]
[EventDate "2022.12.16"]

1. d4 d5 2. c4 c6 3. Nf3 Nf6 4. Nc3 dxc4 5. a4 Bf5 6. e3 e6 7. a5 Nbd7 8. Bxc4
b5 9. axb6 axb6 10. Rxa8 Qxa8 11. O-O Be7 12. Re1 O-O 13. e4 Bg4 14. Qd3 h6 15.
Ne5 Bh5 16. Qg3 Kh8 17. f4 Nxe5 18. dxe5 Nd7 19. f5 b5 20. Bb3 Nc5 21. Bc2 b4
22. Ne2 Bxe2 23. Rxe2 b3 24. f6 Rg8 25. Qh4 bxc2 26. Bxh6 gxf6 27. Bf8# 1-0

[Event "European Blitz 2022"]
[Site "Katowice POL"]
[Date "2022.12.16"]
[Round "21.46"]
[White "Sliwicka, Alicja"]
[Black "Monroy, Charles"]
[Result "0-1"]
[WhiteTitle "WIM"]
[BlackTitle "IM"]
[WhiteElo "2284"]
[BlackElo "2395"]
[WhiteFideId "1150677"]
[BlackFideId "621641"]
[EventDate "2022.12.16"]

1. e4 e5 2. Nf3 Nc6 3. Bb5 a6 4. Ba4 Nf6 5. d3 d6 6. c4 g6 7. Nc3 Bg7 8. Nd5 h6
9. O-O O-O 10. h3 Nh5 11. Be3 Kh7 12. Bc2 Nd4 13. Nxd4 exd4 14. Bd2 c6 15. Nf4
Nxf4 16. Bxf4 f5 17. f3 g5 18. Bd2 f4 19. b4 c5 20. a4 Be5 21. Kf2 h5 22. Rh1
Be6 23. b5 Rg8 24. Rb1 Rg7 25. bxa6 Rxa6 26. a5 Kg8 27. Ba4 Qf8 28. Bb5 Ra8 29.
a6 bxa6 30. Bc6 Rb8 31. Qa4 g4 32. Qxa6 gxf3 33. gxf3 Rxb1 34. Rxb1 Qf6 35. Ke2
Rg2+ 36. Kd1 Rg1+ 37. Kc2 Rxb1 38. Kxb1 Bxh3 39. Bd5+ Kg7 40. Qb7+ Kh6 41. Be1
Bg2 42. Qc8 Bxf3 43. Be6 Be2 44. Bf5 Bxd3+ 45. Kc1 Bxc4 46. Qe8 Bf7 47. Qf8+ Qg7
48. Qe7 Bg6 49. Qd8 Bxf5 50. exf5 Qf6 51. Qd7 c4 52. Bh4 Qxh4 53. Qe6+ Qf6 0-1

[Event "European Blitz 2022"]
[Site "Katowice POL"]
[Date "2022.12.16"]
[Round "21.47"]
[White "Barski, Radoslaw"]
[Black "Kastelik, Adrian"]
[Result "1-0"]
[WhiteTitle "IM"]
[WhiteElo "2441"]
[BlackElo "2091"]
[WhiteFideId "1131710"]
[BlackFideId "1134701"]
[EventDate "2022.12.16"]

1. e4 e5 2. Nf3 Nc6 3. Bb5 Nf6 4. d3 Ne7 5. O-O c6 6. Ba4 Ng6 7. Re1 Be7 8. c3
O-O 9. h3 Re8 10. d4 d6 11. Nbd2 b5 12. Bc2 Bb7 13. Nf1 c5 14. d5 c4 15. a4 a6
16. Ng3 h6 17. Be3 Kh7 18. Qd2 Ng8 19. Nf5 Bf8 20. Ra3 Qd7 21. Rea1 Be7 22. g4
f6 23. Kh2 Rec8 24. h4 Bf8 25. h5 N6e7 26. N3h4 Nxf5 27. gxf5 Qd8 28. Rg1 Ne7
29. Qe2 Qe8 30. Raa1 Rc7 31. Rg2 Rb8 32. f4 exf4 33. Bxf4 Bxd5 34. exd5 Nxd5 35.
Qf3 Nxf4 36. Qxf4 Rc5 37. Rf1 Rd8 38. Rff2 d5 39. Kh1 Bd6 40. Qf3 Rd7 41. Re2
Qf8 42. Ng6 Qf7 43. Re6 Be5 44. axb5 Rxb5 45. Ba4 Rdb7 46. Bxb5 Rxb5 47. Nxe5
fxe5 48. Reg6 Rb7 49. f6 gxf6 50. Qf5 Kh8 51. Rxh6+ 1-0

[Event "European Blitz 2022"]
[Site "Katowice POL"]
[Date "2022.12.16"]
[Round "21.48"]
[White "Fus, Jakub"]
[Black "Pidluznij, Gleb"]
[Result "1-0"]
[WhiteTitle "FM"]
[WhiteElo "2405"]
[BlackElo "2159"]
[WhiteFideId "1193023"]
[BlackFideId "12817082"]
[EventDate "2022.12.16"]

1. Nf3 d5 2. e3 Nf6 3. c4 e6 4. b3 b6 5. Bb2 Bb7 6. Nc3 Nbd7 7. cxd5 exd5 8. Ne2
Bd6 9. Ng3 O-O 10. Be2 Re8 11. O-O Ne5 12. Nxe5 Bxe5 13. Bxe5 Rxe5 14. d4 Re8
15. Qc2 Rc8 16. Rac1 c5 17. Qb2 cxd4 18. Qxd4 Rxc1 19. Rxc1 Qd7 20. Rc3 Rc8 21.
Bd3 Rxc3 22. Qxc3 Ne4 23. Bxe4 dxe4 24. h3 h6 25. Qe5 Bc6 26. Nf5 f6 27. Qb8+
Kh7 28. Nd4 Bd5 29. Qf4 Kg6 30. g4 Kf7 31. Kh2 Kg6 32. Kg3 Bb7 33. h4 Kh7 34. h5
Qe7 35. Qb8 a5 36. Qf4 Qf7 37. Qd6 Qd5 38. Qxd5 Bxd5 39. Kf4 Kg8 40. Nf5 Kf7 41.
Nd6+ Ke6 42. Nxe4 Bc6 43. Ng3 b5 44. Nf5 Kf7 45. Nd4 Bd7 46. a3 b4 47. axb4 axb4
48. f3 Ke7 49. Ke4 Be8 50. Kd5 Bf7+ 51. Kc5 1-0

[Event "European Blitz 2022"]
[Site "Katowice POL"]
[Date "2022.12.16"]
[Round "21.49"]
[White "Ondozi, Murtez"]
[Black "Hasterok, Mateusz"]
[Result "0-1"]
[WhiteTitle "FM"]
[WhiteElo "2406"]
[BlackElo "2162"]
[WhiteFideId "937576"]
[BlackFideId "21822352"]
[EventDate "2022.12.16"]

1. d4 Nf6 2. c4 e6 3. Nf3 d5 4. Nc3 dxc4 5. e3 a6 6. Bxc4 b5 7. Bd3 Bb7 8. O-O
Nbd7 9. a4 b4 10. Nb1 c5 11. Nbd2 Be7 12. a5 O-O 13. b3 cxd4 14. exd4 Nd5 15.
Re1 Rc8 16. Ne4 N7f6 17. Bd2 Qc7 18. Qe2 Nxe4 19. Bxe4 Rfd8 20. Rec1 Qd6 21. Ne5
Bf6 22. Rc4 g6 23. Nf3 Bc6 24. Rac1 Bb5 25. Rxc8 Bxe2 26. Rxd8+ Qxd8 27. Ne5
Bxe5 28. dxe5 Kg7 29. h4 Qxa5 30. Bg5 h6 31. Bxd5 Qxd5 32. Bf6+ Kh7 33. Rc8 g5
34. h5 Bxh5 35. f3 Bxf3 36. gxf3 Qxf3 37. Rh8+ Kg6 38. Rg8+ Kf5 39. Rg7 Kg4 40.
Rh7 Kg3 41. Rxh6 Qf2+ 42. Kh1 Qg2# 0-1

[Event "European Blitz 2022"]
[Site "Katowice POL"]
[Date "2022.12.16"]
[Round "21.50"]
[White "Mitusov, Semen"]
[Black "Delgerdalai, Bayarjavkhlan"]
[Result "1-0"]
[WhiteTitle "IM"]
[WhiteElo "2397"]
[BlackElo "2100"]
[WhiteFideId "14151049"]
[BlackFideId "23727276"]
[EventDate "2022.12.16"]

1. e4 c5 2. Nf3 d6 3. d4 cxd4 4. Nxd4 Nf6 5. Nc3 a6 6. Be2 e5 7. Nb3 Be7 8. Be3
Be6 9. O-O Nbd7 10. a4 Rc8 11. Qd2 O-O 12. Rfd1 Nb6 13. a5 Nc4 14. Bxc4 Rxc4 15.
f3 Qb8 16. Qf2 Rfc8 17. Nc1 Rxc3 18. bxc3 Rxc3 19. Bb6 Qc8 20. Rd2 d5 21. Ne2
Rc6 22. Rad1 Rxc2 23. exd5 Rxd2 24. Rxd2 Nxd5 25. Ba7 Bb4 26. Rd1 b6 27. Rc1 Bc5
28. Rxc5 bxc5 29. Bxc5 Qb7 30. h3 h6 31. Ng3 Qb1+ 32. Kh2 Nf4 33. Ne4 Nd3 34.
Qe2 Nf4 35. Qxa6 Qc2 36. Bf2 f5 37. Qa8+ Kh7 38. a6 fxe4 39. a7 Qxf2 40. Qxe4+
g6 41. Qb7+ 1-0

[Event "European Blitz 2022"]
[Site "Katowice POL"]
[Date "2022.12.16"]
[Round "21.51"]
[White "Ribeiro, Gustavo"]
[Black "Maltsevskaya, Aleksandra"]
[Result "0-1"]
[BlackTitle "IM"]
[WhiteElo "1836"]
[BlackElo "2400"]
[WhiteFideId "1941852"]
[BlackFideId "24174041"]
[EventDate "2022.12.16"]

1. d4 Nf6 2. c4 g6 3. Nc3 Bg7 4. e4 d6 5. h3 O-O 6. g4 c5 7. d5 e6 8. Be3 exd5
9. cxd5 Re8 10. f3 a6 11. a4 Nbd7 12. Be2 Rb8 13. h4 b5 14. axb5 axb5 15. Bxb5
Nxe4 16. Nxe4 Rxb5 17. Ne2 Ne5 18. N2c3 Rxb2 19. Bg5 Qc7 20. O-O h6 21. Bc1 Rb8
22. Qa4 Bd7 23. Qa5 Qxa5 24. Rxa5 Nc4 25. Ra4 Bxa4 26. Nxa4 f5 27. gxf5 gxf5 28.
Ng3 Re5 29. Nc3 Rb3 30. Nce2 Rxd5 31. Nf4 Re5 32. Ng6 Re8 33. Nxf5 Rb1 34. h5
Reb8 35. Kg2 Kf7 36. Re1 Bf8 37. Rd1 R8b3 38. Kg3 Rc3 0-1

[Event "European Blitz 2022"]
[Site "Katowice POL"]
[Date "2022.12.16"]
[Round "21.52"]
[White "Adamczewski, Maciej"]
[Black "Stremavicius, Pijus"]
[Result "1-0"]
[BlackTitle "FM"]
[WhiteElo "2071"]
[BlackElo "2369"]
[WhiteFideId "1148702"]
[BlackFideId "12812730"]
[EventDate "2022.12.16"]

1. d4 d6 2. Nf3 g6 3. c4 Bg7 4. Nc3 Nc6 5. g3 Bd7 6. Bg2 Qc8 7. h4 Nf6 8. d5 Na5
9. Nd2 c5 10. e4 a6 11. a4 h5 12. O-O O-O 13. Qc2 Bh3 14. f3 Rb8 15. b3 Bxg2 16.
Kxg2 Nd7 17. Bb2 Qc7 18. Ra2 b6 19. Re1 Rbe8 20. Nf1 e6 21. Ne3 e5 22. Ncd1 b5
23. axb5 axb5 24. Bc3 b4 25. Bd2 Ra8 26. Nf2 Nb7 27. Rea1 Nb6 28. Ra6 Rxa6 29.
Rxa6 Ra8 30. Qa2 Qb8 31. Nd3 Bf8 32. f4 exf4 33. gxf4 Qd8 34. Be1 Be7 35. Kh3
Qc8+ 36. Kg2 Bf6 37. e5 Be7 38. Bg3 Nd8 39. Rxa8 Qxa8 40. Qc2 Qc8 41. Nf2 Nd7
42. Ne4 Nb7 43. e6 fxe6 44. dxe6 Nf8 45. f5 Qc6 46. Nd5 Qe8 47. f6 Nxe6 48.
Nxe7+ Kf7 49. Ng5+ Nxg5 50. hxg5 Ke6 51. Qe4+ 1-0

[Event "European Blitz 2022"]
[Site "Katowice POL"]
[Date "2022.12.16"]
[Round "21.53"]
[White "Kacprzak, Karol"]
[Black "Rekuc, Patryk"]
[Result "1-0"]
[WhiteElo "2226"]
[BlackElo "1755"]
[WhiteFideId "21819327"]
[BlackFideId "21898197"]
[EventDate "2022.12.16"]

1. e4 c5 2. Nf3 Nc6 3. d4 cxd4 4. Nxd4 e5 5. Nb5 d6 6. N1c3 a6 7. Na3 Be6 8. Nc4
Rb8 9. g3 g6 10. Ne3 Bh6 11. Bg2 Nd4 12. O-O Ne7 13. Ned5 Bg7 14. Bg5 Ndc6 15.
Nf6+ Kf8 16. Nfd5 h6 17. Be3 b5 18. f4 Kg8 19. Qd3 f5 20. Nxe7+ Nxe7 21. exf5
Nxf5 22. Bd2 Kh7 23. Nd5 Ne7 24. c3 Rf8 25. Rae1 Bf5 26. Qe2 Nxd5 27. Bxd5 Qd7
28. Bg2 Rbe8 29. Qd1 Be6 30. a3 Bc4 31. Rf2 Qf5 32. Be3 Qe6 33. fxe5 Bxe5 34.
Rxf8 Rxf8 35. Bd4 Bxd4+ 36. cxd4 Qf6 37. Qd2 Rf7 38. h3 d5 39. Re5 h5 40. h4 a5
41. Qe3 b4 42. axb4 axb4 43. b3 Ba6 44. Rxd5 Re7 45. Re5 Rf7 46. Kh2 Bc8 47. d5
Bd7 48. Re4 Qd6 49. Rf4 Bf5 50. Qd4 Re7 51. Qxb4 Qe5 52. d6 Rd7 53. Rd4 Be6 54.
Qd2 Bxb3 55. Bc6 Rd8 56. d7 Qc5 57. Kh3 Qf5+ 58. Kh2 Qe6 59. Rd6 Qf5 60. Rd5 Qe6
61. Qd3 Qg4 62. Rg5 Qxd7 63. Qxg6+ Kh8 64. Qh6+ Qh7 65. Qf6+ 1-0

[Event "European Blitz 2022"]
[Site "Katowice POL"]
[Date "2022.12.16"]
[Round "21.54"]
[White "Putlak, Wojciech"]
[Black "Mis, Mieszko"]
[Result "1-0"]
[BlackTitle "FM"]
[WhiteElo "1992"]
[BlackElo "2389"]
[WhiteFideId "1183303"]
[BlackFideId "1196448"]
[EventDate "2022.12.16"]

1. Nf3 Nf6 2. c4 e6 3. d4 Bb4+ 4. Bd2 Qe7 5. g3 Nc6 6. Bg2 Bxd2+ 7. Nbxd2 d6 8.
O-O O-O 9. e4 e5 10. d5 Nb8 11. b4 a5 12. a3 Bg4 13. Qc2 Rc8 14. c5 axb4 15.
axb4 Na6 16. Qc3 Bxf3 17. Bxf3 dxc5 18. b5 Nb4 19. Rxa8 Rxa8 20. Ra1 Rxa1+ 21.
Qxa1 Qe8 22. Be2 Nc2 23. Qa7 Nd4 24. Bd3 Qc8 25. Qxc5 Nd7 26. Qe7 b6 27. Bf1 g6
28. Bh3 f5 29. exf5 gxf5 30. Bxf5 Nxf5 31. Qe6+ Kh8 32. Qxf5 Qe8 33. Ne4 Nc5 34.
Qf6+ Kg8 35. Ng5 Nd7 36. Qf5 Qe7 37. Ne6 Nc5 38. Qxe5 Nd3 39. Qxc7 Qf6 40. Qd8+
Qxd8 41. Nxd8 Kf8 42. Nc6 Kf7 43. f4 Kf6 44. Kf1 h5 45. Ke2 Nb2 46. Ne5 Na4 47.
Kd3 Nc5+ 48. Kd4 Nb3+ 49. Ke3 Nc5 50. Nc4 Na4 51. h3 Nc3 52. Nxb6 Nxb5 53. Kf3
Nd4+ 54. Ke4 Ne2 55. g4 hxg4 56. hxg4 Nc3+ 57. Kd3 Nb5 58. Nc4 Nc7 59. d6 Ne6
60. Ke3 Nc5 61. f5 Kg5 62. Kd4 Nd7 63. Ne5 Nf6 64. d7 Nxd7 65. Nxd7 Kxg4 66. f6 1-0

[Event "European Blitz 2022"]
[Site "Katowice POL"]
[Date "2022.12.16"]
[Round "21.55"]
[White "Prazak, Daniel"]
[Black "Drazic, Sinisa"]
[Result "0-1"]
[BlackTitle "GM"]
[WhiteElo "2007"]
[BlackElo "2372"]
[WhiteFideId "23709456"]
[BlackFideId "901172"]
[EventDate "2022.12.16"]

1. e4 e6 2. d4 d5 3. exd5 Qxd5 4. c4 Qd8 5. Nf3 Nf6 6. Nc3 b6 7. Be2 Bb7 8. O-O
Nbd7 9. Be3 Bd6 10. Rc1 O-O 11. a3 c5 12. dxc5 Bxc5 13. Bxc5 Nxc5 14. b4 Nce4
15. Qc2 Rc8 16. Rfd1 Qe7 17. Nxe4 Bxe4 18. Qb3 Rfd8 19. Rxd8+ Qxd8 20. Rd1 Qc7
21. Qe3 h6 22. h3 Qb7 23. Qd4 Qa6 24. Qc3 Qa4 25. Nd2 Bb7 26. Qb3 Qc6 27. Bf3
Qc7 28. Bxb7 Qxb7 29. Nf3 Qe4 30. Rd4 Qf5 31. Qa4 Rc7 32. Qd1 Kh7 33. Nh4 Qe5
34. Nf3 Qf5 35. Nh4 Qg5 36. Nf3 Qh5 37. Qd3+ g6 38. Rd8 Qf5 39. Qxf5 gxf5 40.
Ne5 Kg7 41. f3 Nh5 42. Rd7 Rxd7 43. Nxd7 Nf6 44. Ne5 Ne8 45. Nc6 a6 46. Nb8 Nc7
47. Nd7 b5 48. c5 f6 49. Kf2 Kf7 50. Nb8 e5 51. Ke3 f4+ 52. Ke4 Ke6 53. Nc6 f5+
54. Kd3 h5 55. h4 Kf6 56. Nd8 Ke7 57. Nc6+ Ke6 58. Kc3 Kd5 59. Ne7+ Ke6 60. Nc6
Nd5+ 61. Kd3 Nc7 62. Nb8 Kd5 63. Nd7 e4+ 64. Kd2 Ke6 65. Nb8 Ke5 66. Nd7+ Kd4
67. Nf6 e3+ 68. Ke2 Ne6 69. c6 Ke5 70. Nxh5 Nd4+ 71. Kd3 Nxc6 72. g3 fxg3 73.
Nxg3 f4 74. Ne4 Kf5 75. Nc5 a5 76. bxa5 Nxa5 77. Nb7 Nc4 78. a4 bxa4 79. Nc5
Ne5+ 80. Ke2 a3 81. Nb3 a2 82. Na1 Nc6 83. Nc2 Ke5 84. Kd3 Nb4+ 0-1

[Event "European Blitz 2022"]
[Site "Katowice POL"]
[Date "2022.12.16"]
[Round "21.56"]
[White "Seemann, Jakub"]
[Black "Trzebinski, Patryk"]
[Result "1-0"]
[WhiteTitle "FM"]
[WhiteElo "2365"]
[BlackElo "1792"]
[WhiteFideId "21874697"]
[BlackFideId "21839034"]
[EventDate "2022.12.16"]

1. d4 Nf6 2. c4 e5 3. dxe5 Ne4 4. Nf3 Nc6 5. e3 Bb4+ 6. Nbd2 Qe7 7. Bd3 Nxd2 8.
Bxd2 Bxd2+ 9. Qxd2 Nxe5 10. Nxe5 Qxe5 11. O-O O-O 12. Rac1 d6 13. Rfd1 Bd7 14.
Bf1 Bc6 15. Qd4 Rfe8 16. c5 dxc5 17. Rxc5 Qxd4 18. exd4 Re7 19. h4 Rd8 20. d5
Be8 21. Rc2 Red7 22. Rcd2 f6 23. Bc4 Bf7 24. Kh2 Kf8 25. Bb3 Ke7 26. Kg3 Kd6 27.
Re1 Re7 28. Rxe7 Kxe7 29. Kf4 Kd6 30. Re2 Re8 31. Rxe8 Bxe8 32. Ke4 Bf7 33. Kd4
h6 34. f4 Bg6 35. g3 Bh5 36. Bc2 Bf7 37. Be4 Bg8 38. b4 c6 39. dxc6 bxc6 40. a4
Bb3 41. a5 Ba4 42. Bd3 Bb3 43. Bc4 Bc2 44. Be2 Bf5 45. Bf3 Bc8 46. Be4 Bd7 47.
Bd3 Be6 48. Ke4 Bd7 49. Bc4 c5 50. b5 Bc8 51. Ke3 Bb7 52. Kd3 Bg2 53. Kc3 Bf3
54. Kd3 Ba8 55. Ke3 Bb7 56. g4 Bc8 57. g5 Bb7 58. Kf2 Be4 59. Ke3 Bb7 60. Kd3
Bg2 61. Kc3 Bb7 62. Kb3 Bf3 63. Ka3 Bd1 64. Kb2 Bf3 65. Kc3 hxg5 66. hxg5 fxg5
67. fxg5 Ke5 68. Kd3 Kf5 69. Ke3 Ba8 70. Bd3+ Ke5 71. Be2 Bd5 72. Bf3 c4 73. b6
axb6 74. a6 Bxf3 75. Kxf3 c3 76. Ke3 c2 77. Kd2 Kf5 78. a7 Kxg5 79. a8=Q Kh4 80.
Qg2 g5 81. Kxc2 g4 82. Kb3 1-0

[Event "European Blitz 2022"]
[Site "Katowice POL"]
[Date "2022.12.16"]
[Round "21.57"]
[White "Solys, Laimutis"]
[Black "Blohberger, Felix"]
[Result "1/2-1/2"]
[WhiteTitle "FM"]
[BlackTitle "GM"]
[WhiteElo "2289"]
[BlackElo "2490"]
[WhiteFideId "12800368"]
[BlackFideId "1632051"]
[EventDate "2022.12.16"]

1. e4 c5 2. Nf3 d6 3. d4 cxd4 4. Nxd4 Nf6 5. Nc3 Nc6 6. Bg5 a6 7. Qd2 Nxd4 8.
Qxd4 Qa5 9. Bd2 e5 10. Qd3 Be6 11. Be2 Rc8 12. Nd5 Qd8 13. c4 Nxd5 14. cxd5 Bd7
15. Qb3 Be7 16. O-O O-O 17. a4 Qc7 18. Rfc1 Qb8 19. a5 h6 20. Rxc8 Rxc8 21. Rc1
Rxc1+ 22. Bxc1 Qc7 23. Bd2 Bg5 24. Bc3 f5 25. exf5 Bxf5 26. h3 Kh7 27. Qd1 Qc5
28. Bg4 Be4 29. Bf3 Qc4 30. Bxe4+ Qxe4 31. g3 Kh8 32. h4 Bd8 33. Qb3 Qb1+ 34.
Kg2 Qe4+ 35. Kg1 Qb1+ 36. Kg2 Qe4+ 37. Kg1 Qb1+ 38. Kg2 1/2-1/2

[Event "European Blitz 2022"]
[Site "Katowice POL"]
[Date "2022.12.16"]
[Round "21.58"]
[White "Yao, Lan"]
[Black "Tregubov, Pavel V."]
[Result "1-0"]
[WhiteTitle "WIM"]
[BlackTitle "GM"]
[WhiteElo "2271"]
[BlackElo "2553"]
[WhiteFideId "8610835"]
[BlackFideId "4115341"]
[EventDate "2022.12.16"]

1. e4 c5 2. Nf3 e6 3. d4 cxd4 4. Nxd4 Nc6 5. Nc3 Nf6 6. Nxc6 bxc6 7. e5 Nd5 8.
Nxd5 cxd5 9. Bd3 d6 10. Bf4 Be7 11. Qh5 dxe5 12. Bxe5 Bf6 13. Bxf6 Qxf6 14. Bb5+
Kf8 15. O-O Rb8 16. c4 a6 17. Bc6 dxc4 18. Qc5+ Qe7 19. Qxc4 g6 20. Qc3 f6 21.
Rad1 Kf7 22. Rd2 Rd8 23. Rfd1 Rxd2 24. Rxd2 Qb4 25. Qc1 Kg7 26. h3 e5 27. Bd5
Qe7 28. Rc2 Bd7 29. Rc7 Qd6 30. Bb3 Kh8 31. Rc5 Be6 32. Rc6 1-0

[Event "European Blitz 2022"]
[Site "Katowice POL"]
[Date "2022.12.16"]
[Round "21.59"]
[White "Stevanic, David"]
[Black "Kuzmicz, Krystian"]
[Result "1/2-1/2"]
[WhiteTitle "FM"]
[BlackTitle "IM"]
[WhiteElo "2249"]
[BlackElo "2466"]
[WhiteFideId "14613921"]
[BlackFideId "1119125"]
[EventDate "2022.12.16"]

1. e4 c5 2. c3 g6 3. d4 cxd4 4. cxd4 d5 5. e5 Nc6 6. Nc3 Bg7 7. h3 Nh6 8. g4 f6
9. f4 fxe5 10. fxe5 e6 11. Nf3 O-O 12. Bg2 Qb6 13. O-O Bd7 14. Na4 Qc7 15. Nc5
b6 16. Nxd7 Qxd7 17. Bd2 Rac8 18. Rc1 Nf7 19. h4 Na5 20. h5 Nc4 21. hxg6 hxg6
22. Bb4 Ne3 23. Qd3 Nxf1 24. Rxf1 Nh8 25. Bxf8 Rxf8 26. g5 Rf4 27. Bh3 Qe7 28.
Qc2 Kh7 29. Qc8 Rxf3 30. Rxf3 Qxg5+ 31. Kh2 Qd2+ 32. Bg2 g5 33. Rh3+ Bh6 34.
Rxh6+ Kxh6 35. Qxh8+ Kg6 36. Qf6+ Kh5 37. Qxe6 g4 38. Qf5+ Kh4 39. Qf6+ Kh5 40.
Qh8+ Kg5 41. Qg7+ Kh4 42. Qf6+ Kh5 43. Qf5+ Kh4 44. Qh7+ Kg5 45. Qg8+ Kh4 46.
Qd8+ Kh5 47. Qf6 Qxd4 48. Qf5+ Kh4 49. Qf6+ Kh5 50. Qh8+ Kg5 51. Qg7+ Kh5 52.
Qf7+ Kg5 53. Qf6+ Kh5 54. Qf7+ Kg5 55. Bxd5 Qxe5+ 56. Kg1 Qd4+ 57. Kf1 Qd1+ 58.
Kf2 Qd2+ 59. Kg1 Qd1+ 60. Kf2 Qd2+ 61. Kg1 Qd1+ 62. Kh2 Qd2+ 63. Bg2 Qxb2 64.
Qd5+ Kh4 65. Qd8+ Kh5 66. Qe8+ Kh4 67. Qe7+ Kh5 68. Qxa7 Qe5+ 69. Kg1 Qe1+ 70.
Bf1 Qe3+ 71. Kh1 Qf3+ 72. Kg1 Qe3+ 73. Kh1 Qf3+ 74. Kg1 Qe3+ 75. Kh1 1/2-1/2

[Event "European Blitz 2022"]
[Site "Katowice POL"]
[Date "2022.12.16"]
[Round "21.60"]
[White "Tisaj, Domen"]
[Black "Zochowski, Kacper"]
[Result "1-0"]
[WhiteTitle "FM"]
[BlackTitle "FM"]
[WhiteElo "2396"]
[BlackElo "2256"]
[WhiteFideId "14628708"]
[BlackFideId "1125494"]
[EventDate "2022.12.16"]

1. d4 d6 2. e4 Nf6 3. Nc3 e5 4. Nf3 Nbd7 5. Bc4 Be7 6. O-O O-O 7. Re1 c6 8. a4
Qc7 9. b3 b6 10. Ba3 exd4 11. Nxd4 Ne5 12. Be2 a6 13. Qd2 c5 14. Nf5 Bxf5 15.
exf5 Rfd8 16. Nd5 Nxd5 17. Qxd5 Bf6 18. Rad1 Nc6 19. Bd3 b5 20. Be4 Rac8 21.
axb5 axb5 22. Qd2 b4 23. Bc1 Bc3 24. Qg5 f6 25. Bd5+ Kh8 26. Qh5 Bxe1 27. Rxe1
Qd7 28. Re4 Ne7 29. Qxh7+ Kxh7 30. Rh4# 1-0

[Event "European Blitz 2022"]
[Site "Katowice POL"]
[Date "2022.12.16"]
[Round "21.61"]
[White "Morgunov, Marc"]
[Black "Sotsky, Alexander"]
[Result "1-0"]
[WhiteTitle "FM"]
[BlackTitle "IM"]
[WhiteElo "2402"]
[BlackElo "2333"]
[WhiteFideId "1640305"]
[BlackFideId "4130715"]
[EventDate "2022.12.16"]

1. e4 e6 2. d4 d5 3. Nc3 dxe4 4. Nxe4 Bd7 5. Bd3 Bc6 6. Nf3 Bxe4 7. Bxe4 c6 8.
c3 Nf6 9. Bc2 Bd6 10. O-O Nbd7 11. a4 Qc7 12. a5 a6 13. h3 O-O 14. Bg5 Rfe8 15.
Re1 g6 16. Qd3 Nd5 17. b4 Bf8 18. Rad1 Bg7 19. Bb3 b6 20. axb6 Qxb6 21. Nd2 Qc7
22. Nc4 Reb8 23. Bh4 Rf8 24. Bg3 Qd8 25. Ra1 Qg5 26. Ra5 Qh6 27. Rea1 Rfe8 28.
Nd6 Rf8 29. Kh2 Bf6 30. Rxa6 Rxa6 31. Rxa6 Nb8 32. Ra7 Qc1 33. Bxd5 cxd5 34.
Rxf7 Rxf7 35. Nxf7 Nd7 36. Nd6 Qb2 37. Qb5 Nf8 38. Qb7 Bg7 39. Qf7+ Kh8 40. Be5 1-0

[Event "European Blitz 2022"]
[Site "Katowice POL"]
[Date "2022.12.16"]
[Round "21.62"]
[White "Quilter, Thomas A"]
[Black "Voege, Tobias"]
[Result "0-1"]
[WhiteTitle "CM"]
[BlackTitle "FM"]
[WhiteElo "2162"]
[BlackElo "2300"]
[WhiteFideId "408530"]
[BlackFideId "1270513"]
[EventDate "2022.12.16"]

1. e4 c5 2. Nf3 Nc6 3. d4 cxd4 4. Nxd4 g6 5. c4 Bg7 6. Be3 Nf6 7. Nc3 O-O 8. Be2
d6 9. O-O Nxd4 10. Bxd4 a5 11. Re1 Bd7 12. Qd2 Bc6 13. Bf3 Nd7 14. Bxg7 Kxg7 15.
Nd5 Bxd5 16. exd5 Ne5 17. Be2 Qb6 18. Bf1 Rfe8 19. Kh1 e6 20. dxe6 Rxe6 21. h3
Rae8 22. f4 Nd7 23. Rxe6 Rxe6 24. f5 Re5 25. fxg6 hxg6 26. Rd1 Nf6 27. Qc3 Ne4
28. Qd4 Ng3+ 29. Kg1 Qb4 30. Qxd6 Qxb2 31. Qd4 0-1